000 01501cam a22002054a 4500
005 20250605163942.0
008 250528s ||||||||||||||||||||||||d
035 _a15083
020 _a434901385
040 _aGR-AtMCL
_bgre
_dGR-AtMCL
_eAACR2
245 1 _aAccounting Information Systems and Data Processing / A Management Accounting Perspective
260 _bHeinemann Professional Publishing,
_c1985
300 _a436
520 _aThe book covers the ICMA Syllabus on Management Information Systems and Data Processing and will prove vital to students following this course. Preface, Acknowledgements, Introduction, The Management Accountant and the Computer-Based Information System, An Introduction to Computers, Computer Technology, Computer Hardware, Software and the Principles of Programming, File Organization and Processing, Data Organization and Management and Databases, On-Line and Interactive Systems, Computer Systems - Control and Security, Systems Analysis and the Business Environment, Systems Theory and Control Systems, Systems Analysis and Design, Business Activities and Organization, Applications, Basic Accounting Systems, Enhanced Management Accounting Systems, Financial and Corporate Models, Decision Support Systems, Microcomputer Systems, MIS and Management Accounting and Productivity and Cost Control, Further Reading, Glossary, Index.
700 1 _aBhaskar N. K.
_9926
700 1 _aHousden W. J. R
_9927
942 _cBK
999 _c682
_d682